Протест ВСНХ СССР на постановление ВЦИК от 18/VII-1927 г. по вопросу об увеличении тарифа на электроэнергию, отпускаемую МОГЭСом

Доступно только в Электронных читальных залах Найти на картеНа карте
RUSMARC
00004447nac2a22003013x 450
0017913d12d-8ceb-46c6-a956-bf30ca633fab
00520220630173755.0
100##$a20220622l19271927k y0rusy50 ca
1010#$arus
$amul
102##$aRU
105##$ay z |||||
1222#$ad19270719
$ad19271027
1220#$ad19270718
2001#$aПротест ВСНХ СССР на постановление ВЦИК от 18/VII-1927 г. по вопросу об увеличении тарифа на электроэнергию, отпускаемую МОГЭСом
$j19.07.1927 - 27.10.1927
215##$a25 листов
251##$cДело
300##$aВ деле обратная нумерация листов
300##$aЧасть текста на языках народов СССР
300##$aЧасть текста машинописная и рукописная, часть - напечатана типографским способом
324##$aВ деле имеются копии отдельных документов
461#0$1001796d4672-8a00-4986-b488-6e42273792cc
$12001
$aЦЕНТРАЛЬНЫЙ ИСПОЛНИТЕЛЬНЫЙ КОМИТЕТ СССР (ЦИК СССР)
$1251
$cФонд
$1852
$j3316
$gР
462#0$100132596c4a-d2eb-4260-9e90-fb02692d36c2
$12001
$aДела Секретариата Президиума ЦИК СССР за 1927 г.
$vД. 145
$1251
$cОпись
$1852
$j20
60101$3RU\NLR\AUTH\880357276
$aСССР
$bЦИК
60101$3RU\NLR\AUTH\8810187482
$aСССР
$bВысший совет народного хозяйства
$cдо 1932 г.
60102$3RU\NLR\AUTH\889998618
$a"Могэс", трест
$cМосква
801#0$aRU
$bGA_RF
801#1$aRU
$bГлавНИВЦ
$c20220622
$2rusmarc
801#2$aRU
$bПБ им. Б.Н. Ельцина
$c20220630
$gRCR
$2rusmarc
852##$aГА РФ
$j145
937##$d176926657
$hГАРФ
035##$aRuPRLIB51067401
856##$uhttp://readingroom.main.prlib.ru/item.aspx?id_node=n176926657&mode=full
Формат отображения